Country Compass - Jamaica - Statistics

General Stats
  • This quiz has been taken 103 times
  • The average score is 7 of 8
Answer Stats
Country % Correct
United States
100%
Mexico
94%
Colombia
93%
Venezuela
89%
France (Martinique)
74%
Grenada
72%
Saint Lucia
72%
Saint Vincent and the Grenadines
72%
No matching quizzes found
Score Distribution
Percent of People with Each Score
Percentile by Number Answered
Your Score History
You have not taken this quiz